| 000 | 00344cam a22001217a 4500 | ||
|---|---|---|---|
| 008 | 180718b1982 xxu||||| |||| 00| 0 eng d | ||
| 082 | _aAB45 P881(H) | ||
| 100 | _aPrabhupad, Bhaktivedant | ||
| 245 |
_aBhagwan shri Krishna _cby Bhaktivedant prabhupad |
||
| 260 |
_aMumbai _bBhaktivedant book trust _c1982 |
||
| 300 | _a807p. | ||
| 650 | _aHinduism | ||
| 999 |
_c503815 _d503815 |
||